[Event "Hyderabad Singh Ji Memorial"]
[Site "Hyderabad"]
[Date "2023.01.11"]
[Round "4"]
[White "Kushagra, Mohan"]
[Black "Gyana Sai Santhosh, M."]
[Result "1-0"]
[WhiteElo "2389"]
[BlackElo "1673"]
[PlyCount "119"]
[EventDate "2023.01.10"]
[EventType "swiss"]
[EventRounds "9"]
[EventCountry "IND"]
[SourceTitle "CBM 212 Extra"]
[Source "ChessBase"]
[SourceDate "2023.03.31"]
[SourceVersion "1"]
[SourceVersionDate "2023.03.31"]
[SourceQuality "1"]

1. e4 e5 2. Nf3 Nc6 3. Bb5 a6 4. Ba4 Nf6 5. 0-0 Nxe4 6. d4 b5 7. Bb3 d5 8. dxe5 Be6 9. Nbd2 Bc5 10. Nxe4 dxe4 11. Bxe6 Qxd1 12. Rxd1 fxe6 13. Ng5 0-0 14. Nxe4 Bb6 15. b3 Nxe5 16. Ba3 Rf4 17. Re1 Rd8 18. h3 Rd4 19. Nc5 Rd5 20. Bc1 Rf7 21. Ne4 Bd4 22. Rb1 Ng6 23. Be3 Bxe3 24. Rxe3 Rfd7 25. Rbe1 e5 26. g3 Ne7 27. Ng5 Nc6 28. Nf3 Rc5 29. c3 h6 30. R1e2 Rd1+ 31. Kg2 Rc1 32. Nxe5 Nxe5 33. Rxe5 R1xc3 34. Re8+ Kh7 35. Rf8 Rc2 36. Re7 Rxa2 37. h4 h5 38. Rff7 Kh8 39. b4 Rc6 40. Rf5 Rf6 41. Rxh5+ Kg8 42. Rxc7 Rfxf2+ 43. Kh3 Rh2+ 44. Kg4 Rhc2 45. Rhc5 Rxc5 46. bxc5 Ra3 47. c6 Rc3 48. Kf5 b4 49. g4 b3 50. Kg6 Kf8 51. Rf7+ Ke8 52. Rb7 Rxc6+ 53. Kxg7 Rc4 54. g5 Rxh4 55. Rxb3 Re4 56. g6 a5 57. Rh3 Kd7 58. Kh7 Kc6 59. g7 Rg4 60. Rh5 1-0